| 000 | 01351cam a22003735a 4500 | ||
|---|---|---|---|
| 001 | 12652843 | ||
| 005 | 20160314134335.0 | ||
| 008 | 020123r20132002flua frb 001 0 eng d | ||
| 020 | _a0849312841 (alk. paper) | ||
| 020 | _a9780849312847 | ||
| 040 |
_aDLC _beng _cDLC _dDLC _dEG-ScBUE |
||
| 082 | 0 | 4 |
_a615.321 _bDUK _222 |
| 100 | 1 |
_aDuke, James A., _d1929- _939542 |
|
| 245 | 1 | 0 |
_aHandbook of medicinal herbs / _cJames A. Duke ; [contributors] Mary Jo Bogenschutz-Godwin, Judi duCellier, Peggy-Ann K. Duke. |
| 250 | _a2nd ed., Special Indian ed. | ||
| 250 | _a1st India rep. ed. | ||
| 260 |
_aBoca Raton : _bCRC Press, _c2013 _e[New Delhi : _fNutech Print Services] |
||
| 300 |
_a870 p. : _bill. (some col.) ; _c26 cm. |
||
| 500 | _aPreviously published : CRC handbook of medicinal herbs. | ||
| 500 | _aReprinted of 2002 ed. | ||
| 500 | _aIncludes indexes. | ||
| 504 | _aBibliography : p. 821-827. | ||
| 650 | 0 |
_aMedicinal plants. _2BUEsh _935678 |
|
| 650 | 0 |
_aHerbs. _2BUEsh |
|
| 650 | 0 |
_aHerbals. _2BUEsh |
|
| 650 | 7 |
_aTraditional medicine. _2BUEsh _939315 |
|
| 650 | 7 |
_aMateria medica, Vegetable. _2BUEsh _939011 |
|
| 651 | _2BUEsh | ||
| 653 |
_bPPhrm _cMarch2016 |
||
| 700 | 1 |
_aBogenschutz-Godwin, Mary Jo _econtributors. |
|
| 700 | 1 |
_aDuCellier, Judi, _econtributors. |
|
| 700 | 1 |
_aDuke, Peggy-Ann K. _econtributors. |
|
| 942 | _2ddc | ||
| 999 |
_c21400 _d21372 |
||